[Event "Open A"]
[Site "Gjovik NOR"]
[Date "2009.01.05"]
[Round "7"]
[White "Savchenko,B"]
[Black "Zozulia,A"]
[Result "1-0"]
[WhiteElo "2648"]
[BlackElo "2380"]

1.e4 c5 2.Nf3 Nc6 3.Nc3 d6 4.d4 cxd4 5.Nxd4 e5 6.Nf5 g6 7.Ne3 Nf6 8.g3 a6
9.Bg2 Bg7 10.Ned5 Be6 11.O-O Bxd5 12.Nxd5 Nxd5 13.Qxd5 Qa5 14.Qxa5 Nxa5 15.Rd1 Ke7
16.b3 Rac8 17.Ba3 Rhd8 18.Rd5 Nc6 19.Bh3 Rc7 20.c3 Na7 21.c4 b6 22.Rad1 Rc6
23.Kf1 f6 24.f4 exf4 25.gxf4 Bh6 26.e5 Bxf4 27.Bxd6+ Ke8 28.Bb4 Rxd5 29.cxd5 Rc2
30.d6 Nc6 31.e6 Rc1  1-0

[Event "14th Open"]
[Site "Bosnjaci CRO"]
[Date "2009.01.06"]
[Round "5"]
[White "Zovko,Mari"]
[Black "Baturina,A"]
[Result "1/2-1/2"]
[WhiteElo "2161"]
[BlackElo "2049"]

1.e4 c5 2.Nc3 Nc6 3.Nge2 Nf6 4.g3 g6 5.Bg2 Bg7 6.d3 O-O 7.Be3 d6 8.h3 Rb8
9.O-O Nd7 10.Qd2 Nd4 11.Rae1 b5 12.Nd1 Nxe2+ 13.Rxe2 c4 14.d4 c3 15.bxc3 Qa5
16.Bh6 Ba6 17.Bxg7 Kxg7 18.Ne3 Rfc8 19.c4 Qxd2 20.Rxd2 b4 21.Ra1  1/2-1/2

[Event "Open A"]
[Site "Gjovik NOR"]
[Date "2009.01.06"]
[Round "8"]
[White "Kulaots,K"]
[Black "Stokke,K"]
[Result "1-0"]
[WhiteElo "2556"]
[BlackElo "2334"]

1.e4 c5 2.Nf3 Nc6 3.Nc3 Nf6 4.Bb5 Qc7 5.d3 Nd4 6.Bc4 e6 7.Be3 Nxf3+ 8.Qxf3 a6
9.a4 b6 10.O-O Bb7 11.Bg5 Be7 12.Qh3 O-O 13.Rae1 d6 14.f4 Rae8 15.f5 d5 16.e5 dxc4
17.exf6 Bxf6 18.Bxf6 gxf6 19.Re3 Kh8 20.Qh6 Rg8 21.Qxf6+ Rg7 22.Rg3 Rg8 23.dxc4 Qc6
24.Rd1 exf5 25.Qxg7+ Rxg7 26.Rd8+ Rg8 27.Rdxg8+  1-0

[Event "14th Open"]
[Site "Bosnjaci CRO"]
[Date "2009.01.09"]
[Round "9"]
[White "Zovko,Mari"]
[Black "Topic,Boz"]
[Result "1-0"]
[WhiteElo "2161"]
[BlackElo "2014"]

1.e4 c5 2.Nc3 Nc6 3.Nge2 e5 4.Nd5 d6 5.Nec3 Be6 6.Bc4 a6 7.a4 g6 8.d3 Bg7
9.O-O Nd4 10.f4 Rb8 11.a5 Nc6 12.f5 Bxd5 13.Bxd5 g5 14.Qh5 Qe7 15.Qxg5 Bf6
16.Qh5 h6 17.Be6 Qd8 18.Qxf7+  1-0

[Event "Paul Keres Mem Prelim"]
[Site "Tallinn EST"]
[Date "2009.01.09"]
[Round "2"]
[White "Seeman,T"]
[Black "Rausis,I"]
[Result "1/2-1/2"]
[WhiteElo "2401"]
[BlackElo "2501"]

1.e4 c5 2.Nc3 Nc6 3.Bb5 Nd4 4.Bc4 e6 5.Nge2 a6 6.a4 Nf6 7.d3 d5 8.exd5 exd5
9.Ba2 Be7 10.Bg5 Be6 11.O-O Nxe2+ 12.Qxe2 O-O 13.Qf3 d4 14.Bxf6 Bxf6 15.Nd5 Be5
16.Qe4 Bd6 17.Bb3 Re8 18.Rfe1 Rb8 19.g3 h6 20.h4 Qd7 21.Nb6 Qc7 22.Nd5  1/2-1/2

[Event "7th Parsvnath Open"]
[Site "New Delhi IND"]
[Date "2009.01.11"]
[Round "2"]
[White "Prathamesh,S"]
[Black "Tiwari,As"]
[Result "1-0"]
[WhiteElo "2389"]
[BlackElo "2096"]

1.e4 c5 2.Nf3 Nc6 3.Nc3 g6 4.d4 cxd4 5.Nxd4 Bg7 6.Nb3 Nf6 7.Be2 O-O 8.O-O d6
9.Bg5 Be6 10.Re1 Rc8 11.Bf1 Ne5 12.Nd5 Nc4 13.Bxc4 Rxc4 14.Qd3 b5 15.c3 Re8
16.Nxf6+ exf6 17.Be3 d5 18.exd5 Qxd5 19.Qxd5 Bxd5 20.Bxa7 Ra8 21.Bd4 Rca4
22.Nc1 f5 23.Bxg7 Kxg7 24.a3 Rg4 25.g3 Bc4 26.f3 Rg5 27.f4 Rg4 28.Kf2  1-0

[Event "6th ch-Mediterranean"]
[Site "Antalya TUR"]
[Date "2009.01.12"]
[Round "3"]
[White "Sanal,V"]
[Black "Rechi Montes,X"]
[Result "1/2-1/2"]
[WhiteElo "1873"]
[BlackElo "1905"]

1.e4 c5 2.Nf3 Nc6 3.Nc3 g6 4.d4 cxd4 5.Nxd4 Bg7 6.Be3 Nf6 7.Bc4 d6 8.h3 O-O
9.Bb3 a6 10.O-O Qc7 11.f4 Nxd4 12.Bxd4 Be6 13.Bxe6 fxe6 14.e5 Nh5 15.Qg4 Rf5
16.Rae1 Raf8 17.Rf2 dxe5 18.fxe5 Bxe5 19.Bxe5 Rxe5 20.Rxf8+ Kxf8 21.Qf3+ Rf5
22.Qe3 Ng7 23.Ne4 Qf4 24.Qd3 Qc7 25.Qe3 Qf4 26.Qd3 Qc7 27.h4 Qb6+ 28.Kh1 Qa5
29.Qe3 Qc7 30.Ng5 Qf4 31.Qxf4 Rxf4 32.Nf3 Rc4 33.c3 h6 34.Kg1 Nf5 35.Ne5 Ra4
36.Nxg6+ Kf7 37.Ne5+ Kf6 38.Nf3 Nxh4 39.Nxh4 Rxh4 40.Kf2 Kf5 41.Rd1 Rf4+
42.Kg3 Rg4+ 43.Kh3 Ra4 44.a3 b5 45.Rd7 Kf6 46.Kg3 e5 47.Kf3 h5 48.Rc7 e6
49.Rh7 Rf4+ 50.Ke3 Rg4 51.Kf2 Kg5 52.Ra7 Ra4 53.Re7 Kf5 54.Ke3 Rg4 55.Kf2 Kf6
56.Ra7 Ra4 57.Kf3  1/2-1/2

[Event "6th ch-Mediterranean"]
[Site "Antalya TUR"]
[Date "2009.01.13"]
[Round "4"]
[White "Rechi Montes,X"]
[Black "Emiroglu,C"]
[Result "0-1"]
[WhiteElo "1905"]
[BlackElo "2079"]

1.e4 c5 2.Nc3 Nc6 3.Bb5 Nd4 4.Bc4 a6 5.a4 e6 6.Nf3 Nf6 7.O-O d5 8.exd5 exd5
9.Nxd5 Nxd5 10.Nxd4 cxd4 11.Qh5 Be6 12.Re1 Be7 13.Rxe6 Nf4 14.Rxe7+ Qxe7
15.Qd1 O-O 16.g3 Ng6 17.b3 Rfe8 18.Bb2 Rad8 19.f4 Qe4 20.Bd3 Qc6 21.Qf1 h6
22.Qf2 Qf6 23.a5 Ne7 24.c3 Nc6 25.Ra4 Qe6 26.Bc4 Qe1+ 27.Kg2 d3 28.Qxe1 Rxe1
29.Ra1 Re2+ 30.Kf3 Rxd2 31.Ba3 Rxh2 32.Rd1 Rc2 33.Bxd3 Rxc3 34.Ke4 Rxb3 35.Bc5 f5+
36.Ke3 Rd5 37.Bb6 Nb4  0-1

[Event "6th ch-Mediterranean"]
[Site "Antalya TUR"]
[Date "2009.01.14"]
[Round "6"]
[White "Rechi Montes,X"]
[Black "Sammut,R"]
[Result "1/2-1/2"]
[WhiteElo "1905"]
[BlackElo "1826"]

1.e4 c5 2.Nc3 Nc6 3.Bb5 Nd4 4.Bc4 e6 5.f4 a6 6.a4 b6 7.Nf3 Bb7 8.Ba2 d5 9.exd5 Nxf3+
10.Qxf3 Nf6 11.Qg3 Nxd5 12.O-O g6 13.Nxd5 Bxd5 14.Qc3 Rg8 15.Bxd5 Qxd5 16.d3 Qd4+  1/2-1/2

[Event "ch-BLR w"]
[Site "Minsk BLR"]
[Date "2009.01.15"]
[Round "1"]
[White "Klimets,E"]
[Black "Homiakova,Ek"]
[Result "0-1"]
[WhiteElo "2123"]
[BlackElo "2110"]

1.e4 c5 2.Nf3 Nc6 3.Nc3 g6 4.d4 cxd4 5.Nxd4 Bg7 6.Be3 Nf6 7.Bc4 Qa5 8.O-O O-O
9.h3 d6 10.Bb3 Bd7 11.f4 Nxd4 12.Bxd4 Bc6 13.Nd5 Bxd5 14.exd5 Nh5 15.Bxg7 Nxg7
16.Kh2 Qc5 17.Qe2 Nf5 18.c3 b5 19.Rae1 Rae8 20.g4 Ng7 21.f5 a5 22.Qe3 a4
23.Qxc5 dxc5 24.Bd1 Rd8 25.Bf3 Rfe8 26.fxg6 hxg6 27.b3 e6 28.bxa4 bxa4 29.c4 Rb8
30.Rb1 a3 31.Kg3 Kf8 32.d6 Rxb1 33.Rxb1 Rd8 34.Rb6 Ne8 35.Ra6 Nxd6 36.Rxa3 Nxc4
37.Rc3 Nd2 38.Bg2 c4 39.a4 Rd7 40.a5 Ra7 41.Ra3 Nb3 42.a6 Nc5 43.Ra5 Nxa6
44.Kf4 c3 45.Be4 Rc7 46.Rxa6 c2 47.Bxc2 Rxc2 48.Ke5 Kg7 49.Ra3 g5 50.Re3 Rc4
51.Rf3 Rc2 52.Ke4 Re2+ 53.Kd3 Re1 54.Kd2 Re5 55.Kd3 Kg6 56.Kd4 Re1 57.Kd3 f5
58.gxf5+ exf5 59.Kd2 Re6 60.Kd1 Re5 61.Kd2 Kh5 62.Kd3 f4 63.Kd4 Re7 64.Ra3 Kh4
65.Ra5 Re3 66.Rf5 Rxh3 67.Ke4 Re3+ 68.Kd4 Re8 69.Kd3 Kg4  0-1

[Event "6th ch-Mediterranean"]
[Site "Antalya TUR"]
[Date "2009.01.16"]
[Round "8"]
[White "Hakki,I"]
[Black "Todorovic,J"]
[Result "1/2-1/2"]
[WhiteElo "2417"]
[BlackElo "2384"]

1.e4 c5 2.Nc3 Nc6 3.Bb5 Nd4 4.Bc4 e6 5.Nf3 Nf6 6.O-O a6 7.a4 Nxe4 8.Nxe4 d5
9.Nxd4 cxd4 10.Bd3 dxe4 11.Bxe4  1/2-1/2

[Event "Queenstown Classic"]
[Site "Queenstown NZL"]
[Date "2009.01.16"]
[Round "2"]
[White "Zickelbein,EM"]
[Black "Smith,Ro"]
[Result "1/2-1/2"]
[WhiteElo "2070"]
[BlackElo "2281"]

1.e4 c5 2.Nc3 Nc6 3.Bb5 Nd4 4.Bc4 e6 5.Nf3 Nf6 6.e5 d5 7.exd6 Bxd6 8.Nb5 Nxb5
9.Bxb5+ Ke7 10.O-O a6 11.Be2 Qc7 12.b4 cxb4 13.a3 b5 14.axb4 Bb7 15.Bb2 Bxb4
16.Ne5 Rhd8 17.Nd3 Bd6 18.f4 g6 19.Qe1 Bc5+ 20.Kh1 Ne4 21.Bf3 f5 22.Bxe4 Bxe4
23.Nxc5 Qxc5 24.d3 Bxg2+ 25.Kxg2 Qxc2+ 26.Rf2 Qxd3 27.Re2 Kf7 28.Rc1 Rac8
29.Rxc8 Rxc8 30.Qf2 Rd8 31.Qf3 Qd1 32.Qe3 Rd6 33.Ba3 Qd5+ 34.Kf2 Rd7 35.Qb6 Qd4+
36.Qxd4 Rxd4 37.Bc1 Rc4 38.Be3 b4 39.Rd2 Ke7 40.Ke2 Rc3 41.Ra2 Rc6 42.Kd2 Kd6
43.Ra5 Kc7 44.Bc5  1/2-1/2

[Event "Queenstown Classic"]
[Site "Queenstown NZL"]
[Date "2009.01.16"]
[Round "2"]
[White "Lyell,M"]
[Black "Marner,G"]
[Result "1-0"]
[WhiteElo "2287"]
[BlackElo "2049"]

1.e4 c5 2.Nc3 Nc6 3.Bb5 e6 4.Bxc6 bxc6 5.d3 d5 6.Nf3 Qc7 7.O-O d4 8.Na4 Ba6
9.b3 Bb5 10.Nb2 Nf6 11.Nd2 Be7 12.f4 h5 13.a4 Ba6 14.Ndc4 Bxc4 15.Nxc4 O-O-O
16.Bd2 Rdg8 17.Qf3 g5 18.fxg5 Ng4 19.e5 Bxg5 20.Bxg5 Rxg5 21.Qxf7 Qxf7 22.Nd6+ Kb8
23.Nxf7 Rhg8 24.Nxg5 Rxg5 25.Rf8+ Kb7 26.Rf7+ Ka6 27.Re1 Ne3 28.Re2 Rxe5
29.h3 Kb6 30.Re7 a6 31.Re8 Kc7 32.Re7+ Kb6 33.Rf7 Ka5 34.Rb7 Rf5 35.Rf2 Re5
36.g3 Rg5 37.Kh2 Nf5 38.Rf3 Ne3 39.c3 e5 40.cxd4 cxd4 41.Kg1 Nd5 42.Kf2 Nc3
43.h4 Rg6 44.Rf5  1-0

[Event "Queenstown Classic"]
[Site "Queenstown NZL"]
[Date "2009.01.16"]
[Round "2"]
[White "Krivec,J"]
[Black "Post,Mar"]
[Result "1-0"]
[WhiteElo "2343"]
[BlackElo "2094"]

1.e4 c5 2.Nc3 Nc6 3.Bb5 Nd4 4.Bc4 e6 5.Nge2 Ne7 6.Nxd4 cxd4 7.Ne2 Nc6 8.d3 g6
9.O-O Bg7 10.f4 Na5 11.f5 Nxc4 12.dxc4 Qb6 13.Kh1 exf5 14.exf5 d5 15.c5 Qxc5
16.f6 Bf8 17.Nxd4 Be6 18.Be3 Qa5 19.Nxe6 fxe6 20.f7+ Kd7 21.Bd4 Bd6 22.Bxh8 Rxh8
23.Qd4 Rf8 24.Rae1 Be7 25.c4 Rxf7 26.cxd5 Rxf1+ 27.Rxf1 Qxd5 28.Qxa7 Qb5
29.Rd1+ Ke8 30.Qb8+ Kf7 31.Qh8 h5 32.Qd4 b6 33.Qf2+ Kg7 34.Qd4+ e5 35.Qd7 Qc5
36.a3 e4 37.b4 Qe5 38.Qd4 Qxd4 39.Rxd4 e3 40.Kg1 Bf6 41.Rd7+ Kf8 42.Kf1 Bb2
43.a4 Ba3 44.Rb7 Bxb4 45.Rxb6 Bd2 46.Rxg6 Kf7 47.Rc6 h4 48.Ke2  1-0

[Event "6th ch-Mediterranean"]
[Site "Antalya TUR"]
[Date "2009.01.17"]
[Round "9"]
[White "Sanal,V"]
[Black "Atakisi,U"]
[Result "1/2-1/2"]
[WhiteElo "1873"]
[BlackElo "2393"]

1.e4 c5 2.Nf3 Nc6 3.Nc3 d6 4.d4 cxd4 5.Nxd4 Nf6 6.Bg5 g6 7.Bxf6 exf6 8.Bc4 Bg7
9.Ndb5 O-O 10.O-O f5 11.exf5 Bxf5 12.Nxd6 Bxc3 13.bxc3 Bxc2 14.Qxc2 Qxd6
15.Rad1 Qc5 16.Bb3 Rad8 17.h3 Kg7 18.Rfe1 Rxd1 19.Rxd1 Rd8 20.Rxd8 Nxd8 21.Qd3 Nc6
22.Qd7 Qe7 23.Qxe7 Nxe7 24.f4 h5 25.g4 hxg4 26.hxg4 Kf6 27.Kf2 g5 28.fxg5+ Kxg5
29.Bxf7 Kxg4 30.Ke3 Nf5+ 31.Kd3 Kf4 32.Bd5 b6 33.Kc4 Ke5 34.Bc6 Nd6+ 35.Kb3 Nf5
36.Bg2 Ne3 37.Bc6 Kd6 38.Be4 Kc5 39.Bd3 Ng4 40.a4 Ne5 41.Be2 Nc6 42.Bf1 Na5+
43.Kc2 Nc4 44.Be2 Nd6 45.Kb3 Ne4 46.Bd3 Nd2+ 47.Kc2 Nf3 48.Kb3 Ne5 49.Be2 a5
50.Bb5 Kd5 51.Kc2 Ng4 52.Kd3 Nf2+ 53.Ke3 Ng4+ 54.Kd3 Ne5+ 55.Kc2 Ke4 56.Kd2 Nf3+
57.Ke2 Ng1+ 58.Kd2 Nh3 59.Bc6+ Ke5 60.Kd3 Nf4+ 61.Kc4 Kd6 62.Bb5 Ne6 63.Kb3 Nc5+
64.Kc4 Ne6 65.Kb3 Kc5 66.Bd3 Nd8 67.Be4 Nf7 68.Bd3 Nd6 69.Be2 Kd5 70.Bf3+ Ke5
71.Bc6 Kf4 72.Kc2 Ke3 73.Bd5 Ne8 74.Bc6 Nc7 75.Kb3 Kd3 76.Bb7 Ne8 77.Ba6+ Kd2
78.Bb5 Nd6 79.Bc6 Kd3 80.Bd5 Nf5 81.Bc4+ Kd2 82.Be6 Ne3 83.Bf7 Nd1 84.Kc4 Nxc3
85.Be8 Kc2 86.Bg6+ Kb2 87.Be8 Nb1 88.Kb5 Kc3 89.Kxb6 Kb4 90.Kc6 Nc3 91.Kd6 Nxa4
92.Kd5 Nc3+ 93.Kd4 Nb5+ 94.Bxb5 Kxb5 95.Ke4  1/2-1/2

[Event "6th ch-Mediterranean"]
[Site "Antalya TUR"]
[Date "2009.01.17"]
[Round "9"]
[White "Hakki,I"]
[Black "Haznedaroglu,K"]
[Result "0-1"]
[WhiteElo "2417"]
[BlackElo "2451"]

1.e4 c5 2.Nf3 Nc6 3.Nc3 e5 4.Bc4 Be7 5.d3 Nf6 6.Ng5 O-O 7.f4 h6 8.Nf3 exf4
9.Bxf4 d6 10.O-O Bg4 11.Qd2 Kh7 12.Rae1 a6 13.a4 Qd7 14.e5 dxe5 15.Nxe5 Nxe5
16.Bxe5 Rae8 17.Kh1 Bh5 18.h3 Bg6 19.Qf2 Qc6 20.Re3 Bd8 21.Rfe1 Nd7 22.Bd5 Qb6
23.a5 Qxb2 24.Nd1 Qb5 25.Bd6 Nf6 26.Bxf8 Rxf8 27.Bc4 Qd7 28.Re5 Bxa5 29.R1e2 Bc7
30.Re7 Qd6 31.g4 b5 32.Ba2 c4 33.Bb1 Nd5 34.R7e5 Qc6 35.Qg2 Bxe5 36.Rxe5 cxd3
37.cxd3 Qc1  0-1

[Event "ch-AZE"]
[Site "Baku AZE"]
[Date "2009.01.17"]
[Round "5"]
[White "Safarli,E"]
[Black "Guliev,L"]
[Result "1-0"]
[WhiteElo "2564"]
[BlackElo "2470"]

1.e4 c5 2.Nf3 Nc6 3.Nc3 d6 4.d4 cxd4 5.Nxd4 Nf6 6.Bg5 e6 7.Qd2 Qb6 8.Nb3 a6
9.O-O-O Bd7 10.f3 Be7 11.g4 Qc7 12.Be3 Ne5 13.g5 Nh5 14.f4 Nc4 15.Bxc4 Qxc4
16.Bc5 Bc6 17.Ba3 a5 18.Bxd6 Rd8 19.Nxa5 Qa6 20.Nxc6 Rxd6 21.Nd4 O-O 22.Qe3 Rb6
23.Rd3 Rc8 24.Rhd1 g6 25.h4 Bc5 26.Qd2 Ba3 27.Nb3 Bf8 28.f5 e5 29.Rd7 Nf4
30.Rxf7 Rbc6 31.Rf6 Ne2+ 32.Qxe2 Qxe2 33.Nxe2 Rxc2+ 34.Kb1 Rxe2 35.fxg6 hxg6
36.Rxg6+ Kh7 37.Rb6 Rc7 38.Rf1 Rxe4 39.h5 Rh4 40.a3 Rf4 41.Rxf4 exf4 42.Rf6 Be7
43.Rf7+ Kg8 44.g6 Bd6 45.Rf6 Be5 46.Re6  1-0

[Event "Queenstown Classic"]
[Site "Queenstown NZL"]
[Date "2009.01.18"]
[Round "4"]
[White "Lyell,M"]
[Black "Stuart,P"]
[Result "1/2-1/2"]
[WhiteElo "2287"]
[BlackElo "2076"]

1.e4 c5 2.Nc3 Nc6 3.Bb5 Nd4 4.Bc4 e6 5.Nge2 d6 6.Nxd4 cxd4 7.Ne2 Qb6 8.c3 Nf6
9.Nxd4 Nxe4 10.Bb5+ Bd7 11.Bxd7+ Kxd7 12.d3 Nf6 13.Qa4+ Ke7 14.O-O g6 15.Bf4 Bg7
16.Rfe1 Rhd8 17.Re2 Kf8 18.Bg5 h6 19.Bh4 Re8 20.Rae1 Kg8 21.f3 a6 22.Kf1 Qc7
23.Nc2 Qc6 24.Qxc6 bxc6 25.Ne3 d5 26.Bxf6 Bxf6 27.c4 Reb8 28.Rb1 Bd4 29.Ng4 h5
30.Nf2 a5 31.Rc2 a4 32.Ke2 Rb4 33.cxd5 cxd5 34.Nd1 Rab8 35.Kd2 Kf8 36.Nc3 Bxc3+
37.Kxc3 Ke7 38.Kd2 Kd6 39.Ke3 R8b7 40.f4 R4b6 41.d4 Rb4 42.Kd3 R4b5 43.Kc3 Rc7+
44.Kd3 Rcb7 45.Kc3 Rc7+ 46.Kd3 Rcb7 47.Kc3 Rc7+ 48.Kd2 Rcb7 49.g3 R5b6 50.Ke3 Rb4
51.h3 R4b6 52.g4 hxg4 53.hxg4 Rb8 54.Rh2 R8b7 55.f5 gxf5 56.gxf5 Ke7 57.fxe6 fxe6
58.Rh7+ Kd6 59.Rxb7 Rxb7 60.Kd3 Rb4 61.b3 axb3 62.axb3 e5 63.dxe5+ Kxe5 64.Kc3 Rh4
65.Re1+ Kd6 66.Re8 Kc5 67.b4+ Kb5 68.Rb8+ Kc6 69.Rc8+ Kd7 70.Rc5 Kd6 71.Rc8 Kd7
72.Rg8 Kc6 73.Kb3 Rh1 74.Rc8+ Kd7 75.Rc2 Kd6 76.Rc8 Kd7 77.Ra8 Kc6 78.Ra6+ Kb5
79.Ra5+ Kc6 80.Rc5+ Kd6 81.Ka4 Rh8 82.Rc1 Ra8+ 83.Kb5 Rb8+ 84.Ka5 Ra8+ 85.Kb5 Rb8+
86.Ka5 Ra8+  1/2-1/2

[Event "Open"]
[Site "Marianske Lazne CZE"]
[Date "2009.01.19"]
[Round "3"]
[White "Sadzikowski,D"]
[Black "Gruss,H"]
[Result "1-0"]
[WhiteElo "2195"]
[BlackElo "2000"]

1.e4 c5 2.Nc3 Nc6 3.Nf3 d6 4.d4 cxd4 5.Nxd4 Nf6 6.Bg5 e6 7.Qd2 a6 8.O-O-O Qa5
9.f4 Be7 10.Kb1 h6 11.Bxf6 gxf6 12.f5 Bd7 13.g3 O-O-O 14.Nxc6 Bxc6 15.fxe6 fxe6
16.Bh3 f5 17.Rhf1 Bf6 18.exf5 Bxc3 19.Qxc3 Qxc3 20.bxc3 exf5 21.Bxf5+ Kc7
22.Rde1 Rde8 23.Rxe8 Rxe8 24.Bd3 Re6 25.Kc1 Bg2 26.Rf2 Bh3 27.Kd2 b5 28.Rf4 Kb6
29.Rh4 Bg2 30.Bf5 Rf6 31.g4 Bd5 32.a3 Ka5 33.Kc1 Bc4 34.Rh3 Kb6 35.Rf3 a5
36.h4 Be2 37.Re3 Bc4 38.h5 Kc5 39.Re8 a4 40.Rh8 Be6 41.Bxe6 Rxe6 42.Kd2 Kc4
43.Rc8+ Kd5 44.Rg8 Rf6 45.Ke3 Kc4 46.Rg6 Rf1 47.Rxh6 Kxc3 48.Rxd6 Kxc2 49.h6 Rh1
50.Rb6 Rh3+ 51.Kf4  1-0

[Event "ch-BLR w"]
[Site "Minsk BLR"]
[Date "2009.01.21"]
[Round "7"]
[White "Klimets,E"]
[Black "Popova,N"]
[Result "0-1"]
[WhiteElo "2123"]
[BlackElo "2266"]

1.e4 c5 2.Nf3 Nc6 3.Nc3 Nf6 4.d4 cxd4 5.Nxd4 d6 6.Bc4 Qb6 7.Nxc6 bxc6 8.O-O e6
9.b3 Be7 10.Qe2 O-O 11.Bb2 e5 12.Na4 Qc7 13.Bd3 Be6 14.c4 Nd7 15.Rac1 Rae8
16.Qc2 g6 17.Nc3 Qb7 18.Rcd1 Bg4 19.Be2 Be6 20.Ba3 Nc5 21.b4 Nd7 22.Na4 d5
23.exd5 cxd5 24.c5 Rc8 25.Rc1 Qc7 26.Qb2 Bg5 27.Rcd1 e4 28.b5 Bf6 29.Qd2 Rfd8
30.c6 Nb6 31.Nc5 Be5 32.Na6 Bxh2+ 33.Kh1 Qf4 34.Qd4 Qh4 35.Be7 Qh6 36.Bg5 Qxg5
37.Kxh2 Re8 38.a4 Bg4 39.Bxg4 Qxg4 40.a5 Nc4 41.Qxd5 Ne5 42.f4 Qh4+ 43.Kg1 Ng4  0-1

[Event "Queenstown Classic"]
[Site "Queenstown NZL"]
[Date "2009.01.22"]
[Round "8"]
[White "Bennett,H"]
[Black "Smokina,K"]
[Result "1/2-1/2"]
[WhiteElo "2032"]
[BlackElo "2251"]

1.e4 c5 2.Nc3 Nc6 3.Bb5 Nd4 4.Bc4 e6 5.Nge2 Ne7 6.O-O a6 7.d3 b5 8.Bb3 Nec6
9.Nxd4 Nxd4 10.Be3 Bb7 11.f4 Nxb3 12.axb3 d5 13.exd5 Bxd5 14.Ne4 Qc7 15.c4 Bb7
16.Qc2 b4 17.d4 cxd4 18.Bxd4 Rd8 19.Rad1 Qc6 20.Rfe1 Be7 21.f5 O-O 22.f6 Bxf6
23.Nxf6+ gxf6 24.Bxf6 Rxd1 25.Rxd1 Qe4 26.Qf2 h5 27.Re1 Qg4 28.h3 Qg6 29.Re5 Qb1+
30.Kh2 Be4 31.Qe3 Qf1 32.Qg5+ Bg6 33.Re3 Kh7 34.Rf3 Qe2 35.Be5 Rg8 36.Bf4 Rf8
37.Re3 Qc2 38.Qh6+ Kg8 39.Be5 f6 40.Rg3 Kf7 41.Rf3 Ke7 42.Bd4 Rf7 43.Bc5+ Kd7
44.Rf2 Qe4 45.Qd2+ Kc8 46.Re2 Qc6 47.Bxb4 Bf5 48.Qe1 Rg7 49.Qh4 Qc7+ 50.Kh1  1/2-1/2

[Event "IMB"]
[Site "Marianske Lazne CZE"]
[Date "2009.01.23"]
[Round "8"]
[White "Robertsen,T"]
[Black "Volodin,V"]
[Result "1-0"]
[WhiteElo "2275"]
[BlackElo "2225"]

1.e4 c5 2.Nf3 Nc6 3.Nc3 e5 4.Bc4 Be7 5.d3 Nf6 6.O-O O-O 7.Nh4 Nxe4 8.dxe4 Bxh4
9.f4 Kh8 10.f5 Bg5 11.Rf3 Nd4 12.Rh3 Bxc1 13.Rxc1 Qg5 14.Nd5 b5 15.c3 Nxf5
16.exf5 bxc4 17.Rh5 Qd8 18.Rxh7+ Kxh7 19.Qh5+ Kg8 20.f6 Qxf6 21.Nxf6+ gxf6
22.Rf1 Bb7 23.Qg4+  1-0

[Event "IMA"]
[Site "Marianske Lazne CZE"]
[Date "2009.01.23"]
[Round "8"]
[White "Marholev,D"]
[Black "Krupa,M"]
[Result "1-0"]
[WhiteElo "2449"]
[BlackElo "2215"]

1.e4 c5 2.Nc3 Nc6 3.Bb5 Nd4 4.Bc4 e6 5.Nge2 d6 6.Nxd4 cxd4 7.Ne2 Nf6 8.Bd3 d5
9.e5 Nd7 10.f4 Nc5 11.Nxd4 Nxd3+ 12.cxd3 Bd7 13.Nf3 h6 14.d4 g5 15.fxg5 hxg5
16.d3 g4 17.Ng5 Bb4+ 18.Kf2 f6 19.Qxg4 fxg5 20.Bxg5 Be7 21.Bf6 Rf8 22.Qh5+ Rf7
23.Rhf1 Bxf6 24.Kg1 Ke7 25.Rxf6 Rxf6 26.exf6+ Kxf6 27.Qh7 Be8 28.Rf1+ Kg5
29.Qg7+ Bg6 30.h4+ Kh5 31.g4+ Kxh4 32.Qh6+ Kg3 33.Qh2+ Kxg4 34.Rf4+  1-0

[Event "XXXIV Open"]
[Site "Seville ESP"]
[Date "2009.01.23"]
[Round "1"]
[White "Soruco Tirina,H"]
[Black "Hoffman,A"]
[Result "0-1"]
[WhiteElo "1804"]
[BlackElo "2425"]

1.e4 c5 2.Nc3 Nc6 3.Nf3 g6 4.d4 cxd4 5.Nxd4 Bg7 6.Be3 d6 7.Bb5 Bd7 8.Qd2 Nf6
9.h3 O-O 10.Nxc6 bxc6 11.Bd3 Rb8 12.b3 Qa5 13.O-O Ng4 14.Nd5 Qd8 15.Rad1 cxd5
16.hxg4 d4 17.Bh6 Bxg4 18.Bxg7 Kxg7 19.Rde1 e5 20.f4 f6 21.f5 gxf5 22.exf5 d5
23.Be2 Bxe2 24.Qxe2 Rc8 25.Rf3 Kh8 26.Rh3 Rf7 27.Qh5 Rg7 28.Re2 Qb6 29.Kh1 e4
30.g4 d3 31.cxd3 Rc1+  0-1

[Event "1st Open"]
[Site "Gurgon IND"]
[Date "2009.01.25"]
[Round "6"]
[White "Iuldachev,S"]
[Black "Ramakrishna,J"]
[Result "1-0"]
[WhiteElo "2520"]
[BlackElo "2298"]

1.e4 c5 2.Nc3 Nc6 3.Bb5 Nd4 4.Ba4 g6 5.Nf3 Bg7 6.O-O a6 7.Nxd4 cxd4 8.Ne2 b5
9.Bb3 Bb7 10.d3 d5 11.f3 e6 12.Qe1 Ne7 13.Kh1 O-O 14.Qh4 a5 15.a4 bxa4 16.Rxa4 Bc6
17.Ra3 a4 18.Ba2 Qd7 19.Bg5 f6 20.Bc1 dxe4 21.fxe4 Kh8 22.Bc4 f5 23.Bg5 fxe4
24.Rxf8+ Rxf8 25.dxe4 d3 26.Rxd3 Qa7 27.Nf4 Bxe4 28.Rh3 h5 29.Bxe7 Rxf4 30.Qxf4 Qd4
31.Qf1 Qxb2 32.Bd3 a3 33.Bxa3 Bxd3 34.Rxd3  1-0

[Event "7th Gibtelecom Masters"]
[Site "Caleta ENG"]
[Date "2009.01.28"]
[Round "2"]
[White "Fruebing,S"]
[Black "Hammer,J"]
[Result "1/2-1/2"]
[WhiteElo "2307"]
[BlackElo "2532"]

1.e4 c5 2.Nf3 Nc6 3.Nc3 g6 4.d4 cxd4 5.Nxd4 Bg7 6.Nb3 Bxc3+ 7.bxc3 Nf6 8.Bd3 d5
9.exd5 Qxd5 10.O-O Bf5 11.c4 Qd7 12.Nc5 Qc7 13.Rb1 Ng4 14.g3 Nce5 15.Bxf5 gxf5
16.Nxb7 Rc8 17.Bf4 Rg8 18.Re1 f6 19.Qd5 Qxc4 20.Qxc4 Rxc4 21.Re2 Kf7 22.Bxe5 Nxe5
23.Rd1 Rgc8 24.f4 Nf3+ 25.Kg2 Nd4 26.Rf2 Nxc2 27.Rd7 Ke8 28.Rfd2 Ne3+ 29.Kh3 Rc2
30.Kh4 Nf1 31.Rd8+ Kf7 32.Rxc8 Rxd2 33.h3 Rh2 34.Rc3 Rxa2 35.Nd8+ Kg6 36.Nc6 Kf7
37.Nd8+ Ke8 38.Ne6 Kd7 39.Nf8+ Kd6 40.Nxh7 a5 41.Nf8 e5 42.fxe5+ fxe5 43.Rd3+ Ke7
44.Ng6+ Ke6 45.Nf8+ Kf7 46.Rf3 Nxg3 47.Nd7 Ke6 48.Nf8+ Kf7 49.Nd7 Ne2 50.Nxe5+ Ke6
51.Nd3 Kf6 52.Nc5 Rc2 53.Nd7+ Ke6 54.Nf8+ Ke5 55.Kg5 f4 56.Kg4 Ke4 57.Ne6 Rc1
58.Ng5+ Ke5 59.Ra3 Rg1+ 60.Kh4 Rg2 61.Rxa5+ Kd4 62.Ra4+ Ke3 63.Ra3+ Kf2 64.Rf3+ Kg1
65.Ne6 Rg3 66.Rxf4 Rxh3+ 67.Kxh3 Nxf4+ 68.Nxf4  1/2-1/2

[Event "7th Gibtelecom Masters"]
[Site "Caleta ENG"]
[Date "2009.01.29"]
[Round "3"]
[White "Malmdin,N"]
[Black "Mundaca,J"]
[Result "1-0"]
[WhiteElo "2256"]
[BlackElo "2105"]

1.e4 c5 2.Nf3 Nc6 3.Nc3 a6 4.d4 cxd4 5.Nxd4 e5 6.Nf5 d6 7.Ne3 Nf6 8.Bd3 Be7
9.a4 O-O 10.O-O Nb4 11.Be2 Be6 12.Bf3 Rc8 13.g4 Kh8 14.Ncd5 Nbxd5 15.exd5 Bd7
16.c4 Re8 17.b3 Bf8 18.Bg2 g6 19.h3 Bh6 20.Ba3 Qc7 21.Rc1 Qb8 22.Qd3 Bf8
23.f4 e4 24.Qd4 Bg7 25.Qb6 Bf8 26.Qd4 Bg7 27.Qb6 Bf8 28.c5 Red8 29.Bb2 Bg7
30.g5 Ne8 31.Bxg7+ Kxg7 32.c6 Bf5 33.cxb7 Rxc1 34.Rxc1 Rd7 35.Rc8 Qxb7 36.Qxb7 Rxb7
37.Rxe8 Rxb3 38.Ng4 Bxg4 39.hxg4 e3 40.f5 gxf5 41.gxf5 h6 42.f6+ Kg6 43.gxh6 Kxh6
44.Bf1 Kg5 45.Bxa6 Kf4 46.Kf1 Rb2 47.Ke1 Kf3 48.Kd1 Kf2 49.Kc1 Rd2 50.Bb5 Rxd5
51.Kc2 Rd2+ 52.Kb3 d5 53.a5 Rd1 54.a6 Ra1 55.Kc3 Ra5 56.Kb4 Ra1 57.Kc5  1-0

[Event "7th Gibtelecom Masters"]
[Site "Caleta ENG"]
[Date "2009.01.29"]
[Round "3"]
[White "Trent,L"]
[Black "Roiz,M"]
[Result "0-1"]
[WhiteElo "2487"]
[BlackElo "2647"]

1.e4 c5 2.Nc3 Nc6 3.Bb5 Nd4 4.Bc4 e6 5.Nge2 Nf6 6.O-O a6 7.a4 d6 8.d3 Nc6
9.Bg5 Be7 10.f4 h6 11.Bxf6 Bxf6 12.Kh1 O-O 13.Ng3 g6 14.f5 Kh7 15.Ba2 Qe7
16.Rb1 Bd7 17.Nce2 b5 18.c3 bxa4 19.Nf4 Bg5 20.Rc1 Rae8 21.Rc2 Bxf4 22.Rxf4 exf5
23.Rcf2 Be6 24.Bb1 fxe4 25.dxe4 Ne5 26.Nf5 Bb3 27.Nxe7 Bxd1 28.Nd5 Rb8 29.Rd2 Bb3
30.Nf6+ Kg7 31.h3 Be6 32.Rf1 Bc4 33.Rff2 a3  0-1

[Event "7th Gibtelecom Masters"]
[Site "Caleta ENG"]
[Date "2009.01.30"]
[Round "4"]
[White "Bates,C"]
[Black "Demac,E"]
[Result "1-0"]
[WhiteElo "2142"]
[BlackElo "1993"]

1.e4 c5 2.Nc3 Nc6 3.Bb5 Nf6 4.Nge2 g6 5.O-O Bg7 6.d3 a6 7.Bxc6 dxc6 8.Be3 b6
9.h3 O-O 10.f4 Ne8 11.g4 f5 12.gxf5 gxf5 13.e5 Nc7 14.Ng3 Nd5 15.Nxd5 Qxd5
16.Nh5 Bb7 17.c4 Qd7 18.Qe2 Kh8 19.Kh2 Bh6 20.Rg1 Qe6 21.Bd2 Rad8 22.Bc3 Rg8
23.Qf3 Rxg1 24.Rxg1 Rg8 25.Re1 Bc8 26.Qf2 Bd7 27.Nf6 Be8 28.Nxg8 Kxg8 29.Rg1+ Kf8
30.Qh4 Bf7 31.b4 cxb4 32.Bxb4 c5 33.Ba3 Ke8 34.Rg2 Kd8 35.Bc1 Be8 36.Rb2 Kc7
37.Qf2 Bc6 38.Rc2 Bb7 39.Be3 Qc6 40.Rc1 Qg6 41.Rg1 Qc6 42.Qe2 Kd7 43.Qh5 Qf3
44.Qxf3 Bxf3 45.Kg3 Bh5 46.Kf2 Bf7 47.a3 Kc6 48.Rc1 Bg8 49.Kf3 Bf8 50.Bf2 Bf7
51.Ke3 Bg6 52.Kd2 Bh6 53.Be3 Bf8 54.Kc3 e6 55.Kb3 Bh6 56.Rd1 Bh5 57.Rd2 b5
58.d4 bxc4+ 59.Kxc4 cxd4 60.Rxd4 Bf8 61.Kb3 Be7 62.Rc4+ Kb7 63.Bc5 Bh4 64.Bd6 Bd8
65.Rc1 Bb6 66.Bc5 Ba5 67.Be3 Bc7 68.Kc3 Be8 69.Bc5 Ba5+ 70.Kd3 Bc7 71.Rg1 Bg6
72.Be7 Bb6 73.Rg5 Kc6 74.h4 Kd7 75.h5 Bf7 76.Bd6 h6 77.Rg7 Ke8 78.Rh7 Bxh5
79.Rxh6 Bf7 80.Rh8+ Kd7 81.Ra8 a5 82.Rh8 Kc6 83.Rh3 Kd5 84.Rh8 Kc6 85.Be7 Kd7
86.Bh4 Be8 87.Kc4 Be3 88.Kb5 Bd2 89.Kb6 Bb4 90.Kb7 Bh5 91.Rd8+  1-0

[Event "7th Gibtelecom Masters"]
[Site "Caleta ENG"]
[Date "2009.01.31"]
[Round "5"]
[White "De Lillo,M"]
[Black "Devereaux,M"]
[Result "0-1"]
[WhiteElo "1918"]
[BlackElo "2437"]

1.e4 c5 2.Nc3 Nc6 3.Nf3 Nf6 4.g3 e5 5.Bg2 d6 6.d3 Be7 7.a3 h6 8.Nd5 Nxd5
9.exd5 Nb8 10.O-O O-O 11.c3 Nd7 12.b4 Re8 13.Nd2 Qc7 14.c4 Bg5 15.h4 Bxd2
16.Bxd2 Nf6 17.Be4 Nxe4 18.dxe4 cxb4 19.Bxb4 a5 20.Bd2 Qxc4 21.Re1 Bd7 22.Rc1 Qb5
23.Qh5 Rec8 24.Rb1 Qa6 25.Rb3 Be8 26.Rf3 f6 27.Qf5 Rc7 28.Bxh6 gxh6 29.Qxf6 Kh7
30.Qf8 Bh5 31.Qf5+ Bg6 32.Qg4 h5 33.Qg5 Rg8 34.Rf6 Rf7 35.Rc1 Rxf6 36.Qxf6 Rg7
37.Rc8 Qe2 38.Qf8 Qe1+ 39.Kh2 Bf7 40.Qh8+ Kg6 41.Qd8 Qxf2+ 42.Kh1 Qxg3  0-1